000 00759nam a2200253 a 4500
001 18771
003 BD-RjUL
005 20211209000331.0
008 140222s1968 enk b 000 1 eng d
035 _a(BD-RjUL)18829
040 _aDLC
_cDLC
_dDLC
_dBD-RjUL
_beng
041 _aeng
082 0 0 _a822.33
_bSHA 1968
_223
245 1 0 _aShakespeare: The winter's tale /
_cEd. by A.J.F. Collins M.A
260 _aLondon :
_bMacmillan,
_c1968.
300 _a152 p.
_c18 cm.
350 _a30/-
490 0 _aThe Tutorial Shakespeare
504 _aIncludes bibliographical references and Index
600 1 0 _aShakespeare, William,
_d1564-1616.
_xExaminations
_xStudy guides.
_9168017
700 1 _aCollins, A.J.F
_957869
942 _2ddc
_cBK
999 _c18771
_d18771